Statistics for Babe - Taylor Swift (All Lyrics)

Click here to take the quiz!

General Stats

  • This quiz has been taken 81 times
  • The average score is 308 of 363

Answer Stats

Answer% Correct
a
100%
You
98%
you
98%
babe?
96%
babe
96%
on
96%
one
96%
the
96%
(What
96%
What
96%
do
94%
I
94%
(This
94%
this
94%
(this
94%
This
94%
your
94%
Your
94%
be
91%
could
91%
it
91%
promise
91%
shame
91%
That
91%
that
91%
to
91%
about
89%
hear
89%
how
89%
How
89%
No)
89%
No
89%
no
89%
promises?
89%
promises?)
89%
promises
89%
Didn't
87%
time)
87%
time
87%
want
87%
away
85%
call
85%
can't
85%
got
85%
I'll
85%
is
85%
ever
83%
last
83%
but
81%
else
81%
I'm
81%
never
81%
said
81%
We
81%
we
81%
yeah
81%
And
79%
and
79%
her
79%
love
79%
made
79%
of
79%
really
79%
won't
79%
have
77%
because
74%
hate
74%
kitchen
74%
should
74%
admitted
72%
broke
72%
floor
72%
it's
72%
its
72%
mistake
72%
so
72%
ain't
70%
Big
70%
here
70%
lips
70%
Since
70%
that's
70%
through
70%
unsee
70%
blew
68%
break
68%
down
68%
getting
68%
keep
68%
sweetest
68%
every
66%
neck
66%
picturing
66%
face
64%
plans
64%
you're
64%
waste
62%
ball
60%
consequence
57%
has
57%
innocent
57%
look
57%
pictures
57%
secret
57%
strange
57%
wreck
57%
wrecking
57%
We're
55%
we're
55%
doesn't
53%
Taking
49%
(oh-oh)
28%

Score Distribution

Percentile by Number Answered

Percent of People with Each Score

Your Score History

You have not taken this quiz